Подробности
| 000 -МАРКЕР |
| контрольное поле |
01654nam0a2200301 4500 |
| 001 - ИДЕНТИФИКАТОР ЗАПИСИ |
| контрольное поле |
RU\NLR\BIBL_A\011782562 |
| 005 - ИДЕНТИФИКАТОР ВЕРСИИ |
| контрольное поле |
20190409153840.0 |
| 035 ## - ДРУГИЕ СИСТЕМНЫЕ НОМЕРА |
| Идентификатор записи |
(NLR Aleph) 011782562 |
| 100 ## - ДАННЫЕ ОБЩЕЙ ОБРАБОТКИ |
| Данные общей обработки |
20180905d1957 m y0rusy50 ca |
| 101 0# - ЯЗЫК РЕСУРСА |
| Язык текста, звукозаписи и т.д. |
русский |
| 102 ## - СТРАНА ПУБЛИКАЦИИ ИЛИ ПРОИЗВОДСТВА |
| Страна публикации |
Российская Федерация |
| 105 ## - ПОЛЕ КОДИРОВАННЫХ ДАННЫХ: ТЕКСТОВЫЕ МАТЕРИАЛЫ, МОНОГРАФИЧЕСКИЕ |
| Кодированные данные о монографическом текстовом документе |
a z 000zy |
| 200 1# - ЗАГЛАВИЕ И СВЕДЕНИЯ ОБ ОТВЕТСТВЕННОСТИ |
| Основное заглавие |
Театр и жизнь |
| Сведения, относящиеся к заглавию |
[сборник театрально-критич. статей |
| Первые сведения об ответственности |
подгот. секцией критиков Ленингр. отд-ния Союза писателей СССР |
| Последующие сведения об ответственности |
редколлегия: Д.И. Золотницкий..., М.О. Янковский (отв. ред.)] |
| 210 ## - ПУБЛИКАЦИЯ, РАСПРОСТРАНЕНИЕ И ДР. |
| Место издания, распространения и т.д. |
Ленинград |
| -- |
Москва |
| Имя издателя, распространителя и т. д. |
Искусство |
| Дата издания, распространения и т.д. |
1957 |
| 215 ## - ФИЗИЧЕСКАЯ ХАРАКТЕРИСТИКА |
| Специфическое обозначение материала и объем |
421 с. |
| Другие сведения о физической характеристике |
ил. |
| Размеры |
26 |
| 320 ## - ПРИМЕЧАНИЯ О НАЛИЧИИ В ДОКУМЕНТЕ БИБЛИОГРАФИИ / УКАЗАТЕЛЯ |
| Текст примечания |
"Летопись театральной жизни Ленинграда, 1917-1956" / сост. И. Михайлова и Е. Табатчикова : с. 381-420 |
| 606 1# - НАИМЕНОВАНИЕ ТЕМЫ КАК ПРЕДМЕТ |
| Наименование темы |
Театры |
| Географический подзаголовок |
Ленинград, город |
| Формальный подзаголовок |
Сборники |
| Код системы |
nlr_sh1 |
| -- |
nlr_sh2 |
| Идентификатор авторитетной/нормативной записи |
RU\NLR\AUTH\6614426 |
| 686 1# - ИНДЕКСЫ ДРУГИХ КЛАССИФИКАЦИЙ |
| Индекс |
Щ333(2Р=Рус)7-692Ленинград я43 |
| 686 1# - ИНДЕКСЫ ДРУГИХ КЛАССИФИКАЦИЙ |
| Индекс |
Щ334.3(2Р=Рус)7-692Ленинград я43 |
| 702 #1 - ИМЯ ЛИЦА - ВТОРИЧНАЯ ОТВЕТСТВЕННОСТЬ |
| Начальный элемент ввода |
Янковский |
| Часть имени, кроме начального элемента ввода |
М. О. |
| Дополнения к именам, кроме дат |
музыковед, драматург |
| Даты |
1898-1972 |
| Расширение инициалов личного имени |
Моисей Осипович |
| Идентификатор авторитетной/нормативной записи |
RU\NLR\AUTH\7758370 |
| Код отношения |
Редактор |
| 712 02 - НАИМЕНОВАНИЕ ОРГАНИЗАЦИИ - ВТОРИЧНАЯ ОТВЕТСТВЕННОСТЬ |
| Начальный элемент ввода |
Союз писателей СССР |
| Структурное подразделение |
Ленинградское отделение |
| Идентификатор авторитетной/нормативной записи |
RU\NLR\AUTH\889918581 |
| Код отношения |
Прочие |
| 852 ## - МЕСТОНАХОЖДЕНИЕ И ШИФР ХРАНЕНИЯ |
| Идентификатор организации |
NLR |
| Шифр хранения (Call Number) |
57-7/2334 |
| 942 ## - ДОПОЛНИТЕЛЬНЫЕ ЭЛЕМЕНТЫ ЗАПИСИ (АБИС) |
| Тип экземпляра АБИС |
Книга |
| 980 ## - КОЛЛЕКЦИЯ |
| Название коллекции |
Национальная библиография |